<?xml version="1.0" encoding="UTF-8"?>
<record
    xmlns:xsi="http://www.w3.org/2001/XMLSchema-instance"
    xsi:schemaLocation="http://www.loc.gov/MARC21/slim http://www.loc.gov/standards/marcxml/schema/MARC21slim.xsd"
    xmlns="http://www.loc.gov/MARC21/slim">

  <leader>00342    a2200109   4500</leader>
  <controlfield tag="001">ART_50136</controlfield>
  <controlfield tag="005">20260410162014.0</controlfield>
  <controlfield tag="008">260409a                                 </controlfield>
  <datafield tag="245" ind1="1" ind2="0">
    <subfield code="a">Una reforma leg&#xED;tima, democr&#xE1;tica y eficiente</subfield>
  </datafield>
  <datafield tag="100" ind1="1" ind2=" ">
    <subfield code="a">Menem, Eduardo</subfield>
  </datafield>
  <datafield tag="773" ind1="0" ind2=" ">
    <subfield code="t">Temas de derecho administrativo</subfield>
    <subfield code="g">- A&#xF1;o 4, N&#xB0; 11 (nov. 2019)</subfield>
    <subfield code="w">REV40468</subfield>
  </datafield>
  <datafield tag="999" ind1=" " ind2=" ">
    <subfield code="c">32476</subfield>
    <subfield code="d">32476</subfield>
  </datafield>
</record>
